000 00442 a2200145 4500
245 _aThe Prayer of the Frog
_b : A book of story meditations
_hprint
250 _a1st ed. VOL 1
700 _aDe Mello, Anthony
650 _aRELIGION
005 20191017172756.0
260 _aii
_bGujarat Sahitya Prakash
_c1988-1989
084 _aBX2182.2 .D388 1988
300 _a2 v.
_b 23 cm.
_c2 v. ; 23 cm.
500 _aAnthony de Mello.
490 _aSeries VII--Pastoral ; no. 22
999 _c9354
_d9354